Digital voices: (Record no. 98806)

MARC details
000 -LEADER
fixed length control field 00971nam a22002777a 4500
003 - CONTROL NUMBER IDENTIFIER
control field URS
005 - DATE AND TIME OF LATEST TRANSACTION
control field 20260223174216.0
008 - FIXED-LENGTH DATA ELEMENTS--GENERAL INFORMATION
fixed length control field 260223b |||||||| |||| 00| 0 eng d
020 ## - INTERNATIONAL STANDARD BOOK NUMBER
International Standard Book Number 9781350253360
040 ## - CATALOGING SOURCE
Original cataloging agency DLC
Language of cataloging eng
Transcribing agency DLC
Modifying agency URS
Description conventions rda
050 ## - LIBRARY OF CONGRESS CALL NUMBER
Classification number LB 1028.5
Item number .R761 2023
100 ## - MAIN ENTRY--PERSONAL NAME
Personal name Rourks, Leigh Camacho
245 ## - TITLE STATEMENT
Title Digital voices:
Remainder of title podcasting in the creative writing classroom /
Statement of responsibility, etc. Leigh Camacho Rourks and Saul Lemerond.-
264 ## - PRODUCTION, PUBLICATION, DISTRIBUTION, MANUFACTURE, AND COPYRIGHT NOTICE
Place of production, publication, distribution, manufacture London:
Name of producer, publisher, distributor, manufacturer Bloomsbury Academic,
Date of production, publication, distribution, manufacture, or copyright notice 2023.
300 ## - PHYSICAL DESCRIPTION
Extent viii,
Other physical details 178 pages;
Dimensions 23 centimeters.
336 ## - CONTENT TYPE
Source rdacontent
Content type term text
Content type code txt
337 ## - MEDIA TYPE
Source rdamedia
Media type term unmediated
Media type code n
338 ## - CARRIER TYPE
Source rdacarrier
Carrier type term volume
Carrier type code nc
500 ## - GENERAL NOTE
General note Includes biographical records of the authors.
504 ## - BIBLIOGRAPHY, ETC. NOTE
Bibliography, etc. note Includes bibliography and index.
505 ## - FORMATTED CONTENTS NOTE
Formatted contents note Includes notes Chapter 1- chapter 9
650 ## - SUBJECT ADDED ENTRY--TOPICAL TERM
Source of heading or term Podcasting
650 ## - SUBJECT ADDED ENTRY--TOPICAL TERM
Source of heading or term Creative writing
700 ## - ADDED ENTRY--PERSONAL NAME
Personal name Rourks, Leigh Camacho
942 ## - ADDED ENTRY ELEMENTS (KOHA)
Source of classification or shelving scheme Library of Congress Classification
Koha item type Foreign Books
Classification part LB 1028.5
Item part .R761 2023
Holdings
Withdrawn status Source of classification or shelving scheme Damaged status Not for loan Home library Current library Shelving location Date acquired Total Checkouts Full call number Barcode Date last seen Price effective from Koha item type
  Library of Congress Classification     Angono College Library Angono College Library Foreign Section 02/23/2026   LB 1028.5 .R761 2023 URSANG-7731 02/23/2026 02/23/2026 Foreign Books

University of Rizal System
Email us at univlibservices@urs.edu.ph

Visit our Website www.urs.edu.ph/library